Mecze polskich drużyn w Lidze Mistrzów. - Statystyki

Ogólne statystyki
  • Ten quiz został rozwiązany 600 razy
  • Średni wynik to 17 z 20
Statystyki odpowiedzi
Spotkanie Wynik % Poprawnych
18.10.1995: Legia Warszawa - Blackburn Rovers F.C. 1-0
98%
16.10.1996: FC Steaua Bukareszt - Widzew Łódź 1-0
98%
04.12.1996: Atlético Madryt - Widzew Łódź 1-0
98%
07.12.2016: Legia Warszawa - Sporting CP 1-0
98%
02.11.2016: Legia Warszawa - Real Madryt 3-3
98%
30.10.1996: Widzew Łódź - FC Steaua Bukareszt 2-0
92%
27.09.2016: Sporting CP - Legia Warszawa 2-0
92%
27.09.1995: Spartak Moskwa - Legia Warszawa 2-1
88%
11.09.1996: Borussia Dortmund - Widzew Łódź 2-1
88%
20.11.1996: Widzew Łódź - Borussia Dortmund 2-2
87%
13.09.1995: Legia Warszawa - Rosenborg BK 3-1
85%
20.03.1996: Panathinaikos AO - Legia Warszawa 3-0
82%
18.10.2016: Real Madryt - Legia Warszawa 5-1
82%
22.11.2016: Borussia Dortmund - Legia Warszawa 8-4
80%
22.11.1995: Rosenborg BK - Legia Warszawa 4-0
76%
06.12.1995: Legia Warszawa - Spartak Moskwa 0-1
75%
25.09.1996: Widzew Łódź - Atlético Madryt 1-4
75%
01.11.1995: Blackburn Rovers F.C. - Legia Warszawa 0-0
74%
06.03.1996: Legia Warszawa - Panathinaikos AO 0-0
74%
14.09.2016: Legia Warszawa - Borussia Dortmund 0-6
73%
Nie znaleziono quizów pasujących do podanych kryteriów
Rozkład punktacji
Procent ludzi z każdym wynikiem
Percentyl według liczby udzielonych odpowiedzi
Twoja historia wyników
Nie rozwiązałeś tego quizu